[Event "Kasseler Schachtage Gruppe B"]
[Site "Vellmar"]
[Date "2009.07.30"]
[Round "1.1"]
[White "Wagner, Andreas"]
[Black "Powalla, Christian"]
[Result "1-0"]
[WhiteElo "1781"]
[BlackElo "1455"]
[PlyCount "33"]
[EventDate "2009.??.??"]
[EventCountry "GER"]
[WhiteTeam "SK 1950 Vellmar"]
[BlackTeam "SV CAISSA e. V. Kassel"]

1. d4 g6 2. c4 Bg7 3. Nc3 d6 4. e4 Nd7 5. Nf3 e6 6. Bg5 f6 7. Be3 Ne7 8. Qd2
O-O 9. c5 f5 10. Ng5 Nf6 11. d5 exd5 12. Nxd5 Nfxd5 13. exd5 dxc5 14. Bxc5 Re8
15. O-O-O b6 16. d6 Nc6 17. Bc4+ 1-0

[Event "Kasseler Schachtage Gruppe B"]
[Site "Vellmar"]
[Date "2009.07.30"]
[Round "1.2"]
[White "Kaierle, Dieter"]
[Black "Pichl, Uwe-Rolf"]
[Result "0-1"]
[WhiteElo "1394"]
[BlackElo "1770"]
[PlyCount "61"]
[EventDate "2009.??.??"]
[EventCountry "GER"]
[WhiteTeam "SC Fuldatal"]
[BlackTeam "Kasseler SK 1876"]

1. e4 e5 2. Bc4 Nc6 3. Nf3 d6 4. h3 Be7 5. c3 Nf6 6. b4 Nxe4 7. d3 Ng5 8. O-O
O-O 9. Re1 Be6 10. Bxe6 Nxe6 11. Nbd2 Nf4 12. Ne4 f5 13. Ng3 Ng6 14. Qb3+ Kh8
15. Bb2 Qd7 16. Rad1 a6 17. c4 Nf4 18. Bc1 g5 19. Kh2 Rg8 20. Ng1 Nd4 21. Qb2
Bf6 22. Be3 Nfe6 23. Bd2 Qg7 24. Nh5 Qg6 25. Nxf6 Qxf6 26. Bc3 g4 27. g3 Qh6
28. f4 Nf3+ 29. Nxf3 Qxh3+ 30. Kg1 gxf3 31. fxe5 0-1

[Event "Kasseler Schachtage Gruppe B"]
[Site "Vellmar"]
[Date "2009.07.30"]
[Round "1.3"]
[White "Rehbein, Ullrich"]
[Black "Engel, Markus"]
[Result "0-1"]
[WhiteElo "1724"]
[BlackElo "1390"]
[PlyCount "104"]
[EventDate "2009.??.??"]
[EventCountry "GER"]
[WhiteTeam "SK 1950 Vellmar"]
[BlackTeam "Kasseler SK 1876"]

1. Nf3 Nf6 2. c4 c5 3. g3 g6 4. Bg2 Bg7 5. O-O O-O 6. Nc3 d6 7. d4 cxd4 8. Nxd4
Nbd7 9. Nb3 a6 10. e4 Qc7 11. Nd5 Nxd5 12. cxd5 b5 13. Qe2 Ne5 14. Bf4 Nc4 15.
Rac1 Bd7 16. Rc2 Rac8 17. Nd2 Qa5 18. b4 Qxb4 19. Nxc4 Rxc4 20. Rxc4 Qxc4 21.
Qd2 Bc3 22. Qe3 Bd4 23. Qa3 b4 24. Rc1 Qe2 25. Qxb4 Qxf2+ 26. Kh1 Bb5 27. Qd2
Qxd2 28. Bxd2 Bc5 29. h4 e6 30. Bf1 e5 31. Kg2 f5 32. Bxb5 axb5 33. exf5 Rxf5
34. Be1 e4 35. Rb1 Rxd5 36. Rxb5 Rd1 37. Kf1 Ra1 38. Rb2 d5 39. Ke2 d4 40. g4
Ba3 41. Rb7 Rxa2+ 42. Kd1 e3 43. Ba5 d3 44. Bc3 e2+ 45. Ke1 Rc2 46. Bd2 Bc1 47.
Ba5 Bf4 48. Kf2 Rc1 49. Be1 Bg3+ 50. Kxg3 Rxe1 51. Rb8+ Kg7 52. Rb7+ Kf6 0-1

[Event "Kasseler Schachtage Gruppe B"]
[Site "Vellmar"]
[Date "2009.07.30"]
[Round "1.4"]
[White "Meiss, Sven"]
[Black "Alefs, Willi"]
[Result "0-1"]
[WhiteElo "1372"]
[BlackElo "1681"]
[PlyCount "84"]
[EventDate "2009.??.??"]
[EventCountry "GER"]
[WhiteTeam "Ahnataler SC 1969 e.V. (ASC69)"]
[BlackTeam "SC Fuldatal"]

1. e4 e6 2. d4 b6 3. c4 Bb7 4. Bd3 Nc6 5. Nf3 Nb4 6. Nc3 Ne7 7. d5 Ng6 8. Be2
Rc8 9. a3 Na6 10. O-O Be7 11. Be3 O-O 12. Re1 Bf6 13. Rc1 d6 14. Qd2 Nc5 15.
Bxc5 bxc5 16. Bd3 e5 17. h3 Nf4 18. Ne2 Nxd3 19. Qxd3 Rb8 20. Ng3 Bc8 21. Nd2
Bg5 22. Rc2 g6 23. Qf3 Bd7 24. b3 h5 25. Qd3 Bf4 26. Ne2 Bh6 27. Rb2 f5 28. Ng3
f4 29. Nh1 Kh7 30. Qe2 Qf6 31. f3 g5 32. Nf2 Rg8 33. Kh2 g4 34. fxg4 hxg4 35.
hxg4 Qh4+ 36. Kg1 Bxg4 37. Nxg4 Rxg4 38. Nf3 Qh3 39. Qf1 Rbg8 40. Ree2 Rg3 41.
Rf2 Qh5 42. Rfe2 Rxf3 0-1

[Event "Kasseler Schachtage Gruppe B"]
[Site "Vellmar"]
[Date "2009.07.30"]
[Round "1.6"]
[White "Smirnov, Alexej"]
[Black "Heckmann, Torsten"]
[Result "1/2-1/2"]
[WhiteElo "1334"]
[BlackElo "1668"]
[PlyCount "83"]
[EventDate "2009.??.??"]
[EventCountry "GER"]
[WhiteTeam "SV Bückeburg"]
[BlackTeam "SV CAISSA e. V. Kassel"]

1. e4 d6 2. d4 Nf6 3. Bd3 g6 4. Ne2 Bg7 5. O-O O-O 6. c3 c5 7. h3 Nc6 8. Be3
cxd4 9. Nxd4 Bd7 10. Qd2 Qa5 11. b4 Qd8 12. f4 Rc8 13. Na3 e5 14. Nf3 Nh5 15.
b5 exf4 16. Bxf4 Nxf4 17. bxc6 Nxd3 18. cxd7 Rxc3 19. Nc2 Nc5 20. e5 Ne4 21.
Qe1 d5 22. Ncd4 Qxd7 23. Rc1 Rfc8 24. Nb3 Qe7 25. Rxc3 Rxc3 26. Qd1 Qe6 27. Qd4
Qb6 28. Qxb6 axb6 29. Rd1 Nc5 30. Rxd5 Nxb3 31. Rd8+ Bf8 32. axb3 Rxb3 33. Rb8
Rb1+ 34. Kf2 Rb2+ 35. Kg3 h6 36. Rxb7 b5 37. Nd4 b4 38. Rb8 Kg7 39. e6 Bd6+ 40.
Kf3 fxe6 41. Rb6 Be5 42. Nxe6+ 1/2-1/2

[Event "Kasseler Schachtage Gruppe B"]
[Site "Vellmar"]
[Date "2009.07.30"]
[Round "1.7"]
[White "Käding, Wolfgang"]
[Black "Rempe, Moritz"]
[Result "0-1"]
[WhiteElo "1613"]
[BlackElo "1330"]
[PlyCount "64"]
[EventDate "2009.??.??"]
[EventCountry "GER"]
[WhiteTeam "Sfr. Korbach"]
[BlackTeam "SpVg. Möhnesee von 1921 e.V."]

1. e4 e6 2. d4 d5 3. exd5 exd5 4. g3 Bd6 5. Bg2 Ne7 6. Nc3 c6 7. Be3 O-O 8. Qd2
Nf5 9. O-O-O Nxe3 10. fxe3 Bf5 11. e4 dxe4 12. Bxe4 Bxe4 13. Nxe4 Re8 14. Nxd6
Qxd6 15. Nf3 Qd5 16. Rhf1 Qxa2 17. Qb4 Qa1+ 18. Kd2 Qa6 19. Rde1 Nd7 20. Ng5
Nf6 21. Qb3 Qa5+ 22. Kd1 Qxg5 23. Qxb7 Qh5+ 24. Kc1 Qxh2 25. Qxc6 Qxg3 26. Kd1
Qg4+ 27. Kc1 Qxd4 28. Rd1 Qe4 29. Rxf6 gxf6 30. Rg1+ Kf8 31. Qd6+ Qe7 32. Qg3
Qe3+ 0-1

[Event "Kasseler Schachtage Gruppe B"]
[Site "Vellmar"]
[Date "2009.07.30"]
[Round "1.8"]
[White "Kleist, Sören"]
[Black "Schippa, Robert"]
[Result "1/2-1/2"]
[WhiteElo "1328"]
[BlackElo "1594"]
[PlyCount "84"]
[EventDate "2009.??.??"]
[EventCountry "GER"]
[WhiteTeam "SV Bückeburg"]
[BlackTeam "SV Bückeburg"]

1. e4 c5 2. c3 e6 3. d4 d5 4. exd5 Qxd5 5. Nf3 Nf6 6. Bg5 Be7 7. Nbd2 cxd4 8.
cxd4 Nc6 9. Bc4 Qa5 10. Be3 O-O 11. O-O Ng4 12. h3 Nxe3 13. fxe3 Qc7 14. e4
Nxd4 15. Nxd4 Bc5 16. N2b3 e5 17. Nxc5 Qxc5 18. Qa4 Qxd4+ 19. Kh1 Bd7 20. Qb3
Be6 21. Bxe6 fxe6 22. Qxe6+ Kh8 23. Rf7 Rxf7 24. Qxf7 Qxe4 25. Rf1 h6 26. Rc1
Qe3 27. Rc7 Qg3 28. Rxb7 e4 29. Rb3 Qe5 30. Qf2 Rd8 31. Qe2 Rc8 32. Rc3 Rxc3
33. bxc3 e3 34. c4 Qc3 35. Kh2 Qd2 36. Qf1 Qf2 37. Qd1 e2 38. Qd8+ Kh7 39. Qd3+
Kg8 40. Qd8+ Kf7 41. Qd7+ Kg6 42. Qe6+ Kg5 1/2-1/2

[Event "Kasseler Schachtage Gruppe B"]
[Site "Vellmar"]
[Date "2009.07.30"]
[Round "1.9"]
[White "Naujocks, Christian"]
[Black "Kretzschmar, Arnd"]
[Result "1-0"]
[WhiteElo "1560"]
[BlackElo "1316"]
[PlyCount "47"]
[EventDate "2009.??.??"]
[EventCountry "GER"]
[WhiteTeam "Sfr. Korbach"]
[BlackTeam "SG Döllnitz"]

1. e4 c5 2. Nf3 d6 3. d4 cxd4 4. Nxd4 Nf6 5. Nc3 e5 6. Nf3 Be6 7. h3 Be7 8. Ng5
Nc6 9. Nxe6 fxe6 10. Bc4 Qd7 11. O-O O-O 12. f4 exf4 13. Bxf4 Nxe4 14. Nxe4 d5
15. Bb3 e5 16. Bxd5+ Kh8 17. Bxc6 Qxc6 18. Bxe5 Rxf1+ 19. Qxf1 Qxe4 20. Re1
Bc5+ 21. Kh1 Qxc2 22. Rc1 Qg6 23. Rxc5 Kg8 24. Rc7 1-0

[Event "Kasseler Schachtage Gruppe B"]
[Site "Vellmar"]
[Date "2009.07.30"]
[Round "1.10"]
[White "Karnbach, Oliver"]
[Black "Niemeyer, Norbert"]
[Result "0-1"]
[WhiteElo "1213"]
[BlackElo "1556"]
[PlyCount "48"]
[EventDate "2009.??.??"]
[EventCountry "GER"]
[WhiteTeam "SV Bückeburg"]
[BlackTeam "Mündener SC von 1925"]

1. e4 c6 2. d4 d5 3. e5 Bf5 4. Bd3 Bxd3 5. Qxd3 e6 6. f4 Nd7 7. Nf3 c5 8. c4
dxc4 9. Qxc4 cxd4 10. Nxd4 Rc8 11. Qe2 Rxc1+ 12. Kd2 Rxh1 13. h3 Bb4+ 14. Kd3
Ne7 15. a3 Ba5 16. Qf3 Nd5 17. b4 Bb6 18. g4 Rc1 19. Nb5 O-O 20. Kd2 Be3+ 21.
Kd3 Qc8 22. N5c3 Rxc3+ 23. Nxc3 Qxc3+ 24. Ke2 Nxf4+ 0-1

[Event "Kasseler Schachtage Gruppe B"]
[Site "Vellmar"]
[Date "2009.07.30"]
[Round "1.11"]
[White "Rother, Wilfried"]
[Black "Weindel, Joshua"]
[Result "1-0"]
[WhiteElo "1553"]
[BlackElo "1194"]
[PlyCount "77"]
[EventDate "2009.??.??"]
[EventCountry "GER"]
[WhiteTeam "SK 1950 Vellmar"]
[BlackTeam "SK Landau"]

1. c4 c5 2. Nc3 Nc6 3. Nf3 e5 4. d3 d6 5. h3 g6 6. Nd5 Nge7 7. Bg5 h6 8. Bf6
Rg8 9. Qd2 Be6 10. e4 Bg7 11. Bxg7 Rxg7 12. Qxh6 Kf8 13. Nf6 Nd4 14. O-O-O Qa5
15. Kb1 b5 16. Ng5 Ng8 17. Nfh7+ Ke7 18. Qxg7 bxc4 19. dxc4 Rb8 20. Rxd4 cxd4
21. Be2 Qd2 22. b3 Qxe2 23. Nxe6 Kxe6 24. Ng5+ Kd7 25. Qxf7+ Ne7 26. Qe6+ Ke8
27. Rc1 d3 28. Qg4 Qxf2 29. Qf3 Qd2 30. Ne6 Kd7 31. Qg4 Ke8 32. Nc7+ Kd8 33.
Nb5 Nc6 34. Qxg6 Rc8 35. Qxd6+ Ke8 36. Qg6+ Kd7 37. Qd6+ Ke8 38. Qe6+ Kd8 39.
Rf1 1-0

[Event "Kasseler Schachtage Gruppe B"]
[Site "Vellmar"]
[Date "2009.07.30"]
[Round "1.12"]
[White "Kowohl, Ewald"]
[Black "Kirsch, Winfried"]
[Result "1-0"]
[WhiteElo "1178"]
[BlackElo "1514"]
[PlyCount "81"]
[EventDate "2009.??.??"]
[EventCountry "GER"]
[WhiteTeam "SK 1947 Sulzfeld"]
[BlackTeam "Mündener SC von 1925"]

1. d4 Nf6 2. c4 e6 3. Nc3 c6 4. e4 Bb4 5. e5 Ne4 6. Qd3 Nxc3 7. bxc3 Ba5 8. Nf3
h6 9. Ba3 a6 10. Bd6 Bc7 11. Ba3 b5 12. Be2 d6 13. O-O O-O 14. Rfd1 a5 15. cxb5
cxb5 16. Qxb5 Ba6 17. Qb2 Bxe2 18. Qxe2 Kh8 19. Qb5 f6 20. Rab1 Ra6 21. Qb7 g5
22. g3 f5 23. h3 Rg8 24. exd6 Bxd6 25. Bc5 Rc6 26. Ne5 Bxe5 27. dxe5 Qe8 28.
Bd6 Rxc3 29. Be7 Kh7 30. Bf6+ Kg6 31. h4 gxh4 32. Bxh4 Qc6 33. Qe7 Qc5 34.
Qxe6+ Kh5 35. Qxf5+ Rg5 36. Qf7+ Rg6 37. Rb2 Nc6 38. Rbd2 Nxe5 39. Rd5 Qc7 40.
Qe8 Kg4 41. Qxe5 1-0

[Event "Kasseler Schachtage Gruppe B"]
[Site "Vellmar"]
[Date "2009.07.30"]
[Round "1.13"]
[White "Shkolnyk, Anastasiya"]
[Black "Krause, Jörg"]
[Result "*"]
[WhiteElo "1491"]
[BlackElo "1081"]
[PlyCount "22"]
[EventDate "2009.??.??"]
[EventCountry "GER"]
[WhiteTeam "Sfr. Korbach"]
[BlackTeam "Mündener SC von 1925"]

1. e4 c6 2. d4 d5 3. Nc3 dxe4 4. Nxe4 Bf5 5. Ng3 Bg6 6. Nf3 e6 7. h4 h6 8. Ne5
Bh7 9. Qf3 Qf6 10. Qb3 Qe7 11. Bd2 f6 *

[Event "Kasseler Schachtage Gruppe B"]
[Site "Vellmar"]
[Date "2009.07.30"]
[Round "1.14"]
[White "Schützler, Bernd"]
[Black "Gibhardt, Peter"]
[Result "0-1"]
[WhiteElo "1081"]
[BlackElo "1487"]
[PlyCount "80"]
[EventDate "2009.??.??"]
[EventCountry "GER"]
[WhiteTeam "SVg Calenberg"]
[BlackTeam "SK Baunatal 1963"]

1. e4 c5 2. c3 e6 3. d4 cxd4 4. cxd4 Nf6 5. Bd3 Nc6 6. Nf3 Be7 7. O-O O-O 8. a3
Qb6 9. e5 Nd5 10. Be4 Nc7 11. b4 d5 12. exd6 Bxd6 13. Qd3 f5 14. Bxc6 Qxc6 15.
Nc3 Nd5 16. Bd2 Nxc3 17. Bxc3 b6 18. b5 Qd5 19. Rfd1 Bb7 20. a4 Rf6 21. Bb2 Rg6
22. Kh1 Rh6 23. h3 Rf8 24. Ba3 Rxh3+ 25. gxh3 Qxf3+ 26. Qxf3 Bxf3+ 27. Kg1 Bxd1
28. Bxd6 Rd8 29. Be5 Bb3 30. Kg2 g5 31. Kg3 f4+ 32. Kg4 h6 33. h4 gxh4 34. Kxh4
Kf7 35. Kh5 Rg8 36. Kxh6 Bd5 37. Kh5 Bf3+ 38. Kh4 Rg4+ 39. Kh3 Kg6 40. Kh2 Rh4+
0-1

[Event "Kasseler Schachtage Gruppe B"]
[Site "Vellmar"]
[Date "2009.07.31"]
[Round "2.1"]
[White "Gibhardt, Peter"]
[Black "Wagner, Andreas"]
[Result "0-1"]
[WhiteElo "1487"]
[BlackElo "1781"]
[PlyCount "158"]
[EventDate "2009.??.??"]
[EventCountry "GER"]
[WhiteTeam "SK Baunatal 1963"]
[BlackTeam "SK 1950 Vellmar"]

1. e4 c5 2. Nf3 Nc6 3. d4 cxd4 4. Nxd4 Nf6 5. Nc3 d6 6. Be2 a6 7. a4 e6 8. O-O
Be7 9. Re1 O-O 10. Bg5 Qa5 11. Nxc6 bxc6 12. Bxf6 gxf6 13. Bd3 Kh8 14. Qd2 Rg8
15. Re3 Qg5 16. g3 e5 17. Re2 Qg4 18. Nd1 Qh3 19. Ne3 Rg5 20. Nf5 Bxf5 21. exf5
d5 22. Qc3 Rh5 23. f3 c5 24. Qb3 c4 25. Qb7 Bc5+ 26. Kh1 Rg8 27. Qxf7 Qxg3 28.
Qxf6+ Qg7 29. Qxg7+ Rxg7 30. Bxc4 dxc4 31. Rxe5 Bd6 32. Re8+ Rg8 33. Rxg8+ Kxg8
34. Rg1+ Kf7 35. Rg2 Rxf5 36. Rd2 Ke6 37. Kg2 Rg5+ 38. Kh1 Bc5 39. Rg2 Rd5 40.
Re2+ Kf5 41. Kg2 Rd1 42. c3 Rg1+ 43. Kh3 Ra1 44. Rd2 Be3 45. Rd5+ Kf4 46. Ra5
Rf1 47. Rxa6 Rxf3+ 48. Kg2 Rf2+ 49. Kh3 Rxb2 50. Rc6 Rb6 51. Rxc4+ Kf3 52. Rh4
h6 53. a5 Rb2 54. Rb4 Ra2 55. c4 Rxa5 56. Rb5 Ra2 57. Rb3 Rc2 58. Ra3 Rxc4 59.
Ra4 Rc6 60. Rc4 Re6 61. Ra4 Ke2 62. Ra2+ Bd2 63. Kg4 Re4+ 64. Kg3 Re3+ 65. Kg2
Re5 66. Kg3 Rg5+ 67. Kh4 Rg1 68. Kh3 Kd3 69. Ra3+ Ke4 70. Rg3 Rh1 71. Rg2 Bf4
72. Rf2 Ke3 73. Ra2 Rg1 74. Ra3+ Ke4 75. Ra4+ Kf5 76. Ra5+ Be5 77. Rc5 Rg5 78.
Rc4 Rg1 79. Ra4 Re1 0-1

[Event "Kasseler Schachtage Gruppe B"]
[Site "Vellmar"]
[Date "2009.07.31"]
[Round "2.2"]
[White "Pichl, Uwe-Rolf"]
[Black "Rother, Wilfried"]
[Result "1-0"]
[WhiteElo "1770"]
[BlackElo "1553"]
[PlyCount "69"]
[EventDate "2009.??.??"]
[EventCountry "GER"]
[WhiteTeam "Kasseler SK 1876"]
[BlackTeam "SK 1950 Vellmar"]

1. Nf3 Nf6 2. d4 d6 3. g3 Bf5 4. Bg2 c6 5. O-O Nbd7 6. c4 h6 7. Nc3 e6 8. Re1
Qa5 9. e4 Bg4 10. Qc2 e5 11. Be3 Bxf3 12. Bxf3 exd4 13. Bxd4 Ne5 14. Be2 g5 15.
b4 Qc7 16. Be3 g4 17. Kg2 h5 18. Bg5 Nfd7 19. Rad1 f6 20. Bc1 O-O-O 21. b5 h4
22. Qa4 hxg3 23. hxg3 Nf3 24. Bxf3 gxf3+ 25. Kxf3 Ne5+ 26. Kg2 Qd7 27. Rh1 Be7
28. Qxa7 Qg4 29. Rxh8 Qf3+ 30. Kg1 Rxh8 31. Qa8+ Kd7 32. Qxh8 Qxc3 33. bxc6+
bxc6 34. Qh3+ Ke8 35. Be3 1-0

[Event "Kasseler Schachtage Gruppe B"]
[Site "Vellmar"]
[Date "2009.07.31"]
[Round "2.3"]
[White "Alefs, Willi"]
[Black "Shkolnyk, Anastasiya"]
[Result "0-1"]
[WhiteElo "1681"]
[BlackElo "1491"]
[PlyCount "160"]
[EventDate "2009.??.??"]
[EventCountry "GER"]
[WhiteTeam "SC Fuldatal"]
[BlackTeam "Sfr. Korbach"]

1. c4 Nf6 2. Nf3 d5 3. e3 Bg4 4. Nc3 e6 5. Qb3 b6 6. Ne5 d4 7. Qb5+ c6 8. Nxc6
a6 9. Qa4 b5 10. cxb5 Nxc6 11. exd4 Nxd4 12. bxa6+ Qd7 13. Nb5 Nc6 14. h3 Bf5
15. a3 Be7 16. Be2 O-O 17. Bf3 Rab8 18. O-O Bd3 19. Nc3 Bxf1 20. Bxc6 Qa7 21.
Kxf1 Rb6 22. Bb7 Nd5 23. Qe4 Nc7 24. Na4 Rd6 25. d3 Nxa6 26. Be3 Qb8 27. Bf4
Rfd8 28. Bxa6 Qa7 29. Bxd6 Rxd6 30. Bb5 Rd4 31. Qc6 Rf4 32. Qb6 Qa8 33. Bc6 Qc8
34. Nc3 Bh4 35. f3 e5 36. Qb7 Qf8 37. Qa8 Bd8 38. Re1 Qd6 39. Be4 f5 40. Qd5+
Qxd5 41. Bxd5+ Kf8 42. Rxe5 Bf6 43. Re6 Rd4 44. Ke2 Bg5 45. b3 Bc1 46. Nb5 Rxd5
47. a4 Kf7 48. Rc6 Bg5 49. d4 Bf6 50. Kd3 f4 51. Rd6 Rg5 52. Ke4 Rxg2 53. Rb6
g5 54. Nd6+ Kg6 55. Ne8 Re2+ 56. Kd5 Rxe8 57. a5 Rd8+ 58. Kc5 Kf5 59. d5 h5 60.
a6 Rc8+ 61. Rc6 Ra8 62. d6 Ke6 63. d7+ Kf5 64. Kc4 Ke5 65. b4 g4 66. hxg4 hxg4
67. fxg4 f3 68. Kd3 Bh4 69. b5 Kf4 70. Rc8 Ra7 71. Rf8+ Kxg4 72. d8=Q Bxd8 73.
Rxd8 Rf7 74. Rg8+ Kh3 75. Ke3 f2 76. Rh8+ Kg2 77. Rg8+ Kf1 78. Re8 Ke1 79. Kd3+
Kd1 80. a7 f1=Q+ {Nach weiteren Zügen.} 0-1

[Event "Kasseler Schachtage Gruppe B"]
[Site "Vellmar"]
[Date "2009.07.31"]
[Round "2.4"]
[White "Engel, Markus"]
[Black "Kaiser, Joachim"]
[Result "0-1"]
[WhiteElo "1390"]
[BlackElo "1675"]
[PlyCount "70"]
[EventDate "2009.??.??"]
[EventCountry "GER"]
[WhiteTeam "Kasseler SK 1876"]
[BlackTeam "SAbt FSK Lohfelden"]

1. d4 d5 2. Nf3 c5 3. dxc5 Nc6 4. e3 e6 5. Nc3 Bxc5 6. a3 Nf6 7. b4 Bd6 8. Bb2
O-O 9. Be2 a6 10. O-O b5 11. Re1 Bb7 12. Bd3 Rc8 13. e4 Ne5 14. exd5 Nxd3 15.
Qxd3 Nxd5 16. Nxd5 Bxd5 17. Qd4 f6 18. Rac1 Rc4 19. Qa7 Qc8 20. c3 Rf7 21. Qb6
Bc7 22. Qe3 Bf4 23. Qd3 Bxc1 24. Rxc1 Rd7 25. Qe2 e5 26. Nd2 Rcc7 27. f3 Bc4
28. Nxc4 Rxc4 29. Rd1 Qd8 30. Rxd7 Qxd7 31. h3 Rc6 32. Kh2 Rd6 33. Qe4 Qc6 34.
Qe3 Qc4 35. Qa7 Qf4+ 0-1

[Event "Kasseler Schachtage Gruppe B"]
[Site "Vellmar"]
[Date "2009.07.31"]
[Round "2.5"]
[White "Rempe, Moritz"]
[Black "Naujocks, Christian"]
[Result "0-1"]
[WhiteElo "1330"]
[BlackElo "1560"]
[PlyCount "90"]
[EventDate "2009.??.??"]
[EventCountry "GER"]
[WhiteTeam "LSV/ Turm Lippstadt 96"]
[BlackTeam "Sfr. Korbach"]

1. e4 c5 2. Nf3 d6 3. Bb5+ Bd7 4. Bxd7+ Qxd7 5. d4 cxd4 6. Nxd4 Nf6 7. Nc3 e6
8. O-O Be7 9. Be3 O-O 10. f4 a6 11. Rf3 b5 12. a3 Nc6 13. Rg3 Kh8 14. e5 dxe5
15. fxe5 Nxe5 16. Qe2 Nc4 17. b4 Rfd8 18. Bf2 Rac8 19. Rd3 Qb7 20. Rg3 e5 21.
Nb3 Nxa3 22. Bc5 Nc4 23. Bxe7 Qxe7 24. Rxa6 Qxb4 25. Na2 Qe7 26. Nc3 Qb7 27.
Ra1 b4 28. Na4 Ne4 29. Rd3 Na3 30. Rxd8+ Rxd8 31. Re1 f5 32. Kh1 Qa7 33. Nac5
Nxc5 34. Qxe5 Ne4 35. h3 Qf2 36. Rg1 Nxc2 37. Qe7 Rg8 38. Qc7 Ne3 39. Na5 Ng3+
40. Kh2 Nef1+ 41. Rxf1 Nxf1+ 42. Kh1 f4 43. Qb7 Ng3+ 44. Kh2 Qf1 45. Qf3 Qh1#
0-1

[Event "Kasseler Schachtage Gruppe B"]
[Site "Vellmar"]
[Date "2009.07.31"]
[Round "2.6"]
[White "Niemeyer, Norbert"]
[Black "Benedikt, Alexander"]
[Result "1-0"]
[WhiteElo "1556"]
[BlackElo "1464"]
[PlyCount "21"]
[EventDate "2009.??.??"]
[EventCountry "GER"]
[WhiteTeam "Mündener SC von 1925"]
[BlackTeam "SK 1950 Vellmar"]

1. d4 d5 2. c4 Nf6 3. cxd5 Qxd5 4. Nc3 Qa5 5. Bd2 e6 6. Nf3 Be7 7. e4 c5 8. Nd5
Qd8 9. Nxe7 Qxe7 10. Qc2 cxd4 11. Qxc8+ 1-0

[Event "Kasseler Schachtage Gruppe B"]
[Site "Vellmar"]
[Date "2009.07.31"]
[Round "2.7"]
[White "Heckmann, Torsten"]
[Black "Kowohl, Ewald"]
[Result "1-0"]
[WhiteElo "1668"]
[BlackElo "1178"]
[PlyCount "55"]
[EventDate "2009.??.??"]
[EventCountry "GER"]
[WhiteTeam "SV CAISSA e. V. Kassel"]
[BlackTeam "SK 1947 Sulzfeld"]

1. e4 e6 2. d4 d5 3. exd5 exd5 4. Bd3 Nc6 5. Nf3 Bg4 6. c3 Qe7+ 7. Be3 Nf6 8.
O-O O-O-O 9. Nbd2 h6 10. b4 Ne4 11. Qc2 Ng5 12. b5 Nxf3+ 13. gxf3 Bh3 14. Bf5+
Bxf5 15. Qxf5+ Kb8 16. bxc6 b6 17. Bf4 g6 18. Qd3 Qf6 19. Be5 Qxc6 20. Bxh8 Be7
21. Be5 f5 22. c4 dxc4 23. Nxc4 Bc5 24. Rfd1 Bf8 25. Rac1 Qb7 26. Na3 Kc8 27.
Bxc7 Rd7 28. Bd6+ 1-0

[Event "Kasseler Schachtage Gruppe B"]
[Site "Vellmar"]
[Date "2009.07.31"]
[Round "2.8"]
[White "Schippa, Robert"]
[Black "Smirnov, Alexej"]
[Result "1/2-1/2"]
[WhiteElo "1594"]
[BlackElo "1334"]
[PlyCount "65"]
[EventDate "2009.??.??"]
[EventCountry "GER"]
[WhiteTeam "SV Bückeburg"]
[BlackTeam "SV Bückeburg"]

1. Nf3 d5 2. d4 Nf6 3. e3 Bf5 4. c4 c6 5. Qb3 Qb6 6. Nc3 e6 7. Qxb6 axb6 8. Bd2
Nbd7 9. cxd5 exd5 10. Nh4 Bg6 11. Nxg6 hxg6 12. Bd3 Bd6 13. h3 O-O 14. O-O Rfe8
15. a4 Nb8 16. Rfb1 Na6 17. Na2 Ne4 18. Bxe4 Rxe4 19. b4 Nc7 20. Nc3 Ree8 21.
b5 Rab8 22. a5 bxa5 23. b6 Na6 24. Rxa5 Bb4 25. Ra2 Bxc3 26. Bxc3 Ra8 27. Rba1
f6 28. Kf1 Kf7 29. Bb4 Ke6 30. Ke2 Kd7 31. Bd2 f5 32. Kd3 Rac8 33. Ra5 1/2-1/2

[Event "Kasseler Schachtage Gruppe B"]
[Site "Vellmar"]
[Date "2009.07.31"]
[Round "2.9"]
[White "Kirsch, Winfried"]
[Black "Kleist, Sören"]
[Result "1/2-1/2"]
[WhiteElo "1514"]
[BlackElo "1328"]
[PlyCount "109"]
[EventDate "2009.??.??"]
[EventCountry "GER"]
[WhiteTeam "Mündener SC von 1925"]
[BlackTeam "SV Bückeburg"]

1. e4 e5 2. f4 Bc5 3. Nf3 d6 4. h3 Nc6 5. c3 Qf6 6. fxe5 Nxe5 7. d4 Nxf3+ 8.
Qxf3 Bb6 9. Be3 c6 10. Nd2 Qxf3 11. gxf3 Nf6 12. O-O-O O-O 13. Nc4 Bc7 14. Bf4
Rd8 15. Bg5 Be6 16. Rg1 Kf8 17. Bxf6 gxf6 18. Kb1 d5 19. Ne3 Bf4 20. Ng4 Ke7
21. Rg2 Rg8 22. Re2 h5 23. Ne3 Bxe3 24. Rxe3 Kd7 25. exd5 Bxd5 26. c4 Be6 27.
b3 Rg1 28. Rde1 Re8 29. Kb2 Kd8 30. d5 cxd5 31. cxd5 Bd7 32. Rxe8+ Bxe8 33. a4
Bd7 34. Rc1 Ke7 35. h4 Kd6 36. Bc4 Rxc1 37. Kxc1 Ke5 38. Kd2 Kf4 39. Ke2 Kg3
40. Bd3 Kxh4 41. Kf2 Kg5 42. Bb5 Bxb5 43. axb5 Kf5 44. Kg3 Ke5 45. Kh4 Kxd5 46.
Kxh5 Kd4 47. Kg4 Ke3 48. Kf5 Kxf3 49. Kxf6 Ke4 50. Kxf7 Kd5 51. Ke7 Kc5 52. Kd7
Kxb5 53. Kc7 Ka6 54. b4 b5 55. Kc6 1/2-1/2

[Event "Kasseler Schachtage Gruppe B"]
[Site "Vellmar"]
[Date "2009.07.31"]
[Round "2.10"]
[White "Pohl, Mike"]
[Black "Rehbein, Ullrich"]
[Result "0-1"]
[WhiteElo "1229"]
[BlackElo "1724"]
[PlyCount "92"]
[EventDate "2009.??.??"]
[EventCountry "GER"]
[WhiteTeam "Schachfreunde Battenberg"]
[BlackTeam "SK 1950 Vellmar"]

1. e4 g6 2. d4 Bg7 3. Nf3 d6 4. Be3 Nf6 5. Nc3 O-O 6. h3 Na6 7. Qd2 c5 8. O-O-O
Qa5 9. Kb1 Be6 10. Nd5 Qd8 11. Nxf6+ Bxf6 12. e5 cxd4 13. Bxd4 dxe5 14. Bxe5
Bxe5 15. Nxe5 Qc7 16. Ng4 Rfd8 17. Bd3 Rac8 18. Qe2 Nb4 19. a3 Nc6 20. Bc4 Bxg4
21. hxg4 Nd4 22. Qe4 Qxc4 23. c3 Ne6 24. Rxd8+ Nxd8 25. Qxe7 Ne6 26. Qxb7 Qd3+
27. Ka1 Rc7 28. Qb8+ Qd8 29. Qb5 Nc5 30. Re1 Re7 31. Rc1 Qb6 32. Qxb6 axb6 33.
Kb1 Re2 34. b4 Nd3 35. Rd1 Ne5 36. Rd8+ Kg7 37. Rb8 Nc4 38. Ra8 Rxf2 39. a4
Rb2+ 40. Ka1 Rc2 41. a5 bxa5 42. bxa5 Rxc3 43. a6 Ra3+ 44. Kb1 Ne5 45. a7 Nc6
46. Rc8 Nxa7 0-1

[Event "Kasseler Schachtage Gruppe B"]
[Site "Vellmar"]
[Date "2009.07.31"]
[Round "2.11"]
[White "Weindel, Joshua"]
[Black "Käding, Wolfgang"]
[Result "0-1"]
[WhiteElo "1194"]
[BlackElo "1613"]
[PlyCount "94"]
[EventDate "2009.??.??"]
[EventCountry "GER"]
[WhiteTeam "SK Landau"]
[BlackTeam "Sfr. Korbach"]

1. d4 d5 2. Bf4 Nf6 3. e3 e6 4. Nd2 Bd6 5. Bg3 a6 6. a4 Bxg3 7. hxg3 Qd6 8. c3
Nc6 9. Bd3 e5 10. dxe5 Nxe5 11. Be2 Neg4 12. Ngf3 Nxe3 13. Qb3 Nf5 14. O-O-O
Qc5 15. Rhf1 b6 16. Rde1 O-O 17. Bd3 Be6 18. Qc2 g6 19. b4 Qd6 20. Ne5 c5 21.
bxc5 Qxc5 22. Bxf5 Bxf5 23. Qb2 b5 24. a5 d4 25. Nb3 Qxc3+ 26. Qxc3 dxc3 27. g4
Nxg4 28. Nxg4 Bxg4 29. f3 Be6 30. Nc5 Rfe8 31. Ne4 Kg7 32. Nxc3 Rac8 33. Kb2
Bc4 34. Rxe8 Rxe8 35. Rd1 b4 36. Ne4 Re5 37. Rd4 Bf1 38. g3 Bg2 39. Nd2 Rxa5
40. Rxb4 Rb5 41. Rxb5 axb5 42. Kb3 Kf6 43. Kb4 Ke5 44. f4+ Kf5 45. Kxb5 Kg4 46.
Nc4 Kxg3 47. Nd6 Bd5 0-1

[Event "Kasseler Schachtage Gruppe B"]
[Site "Vellmar"]
[Date "2009.07.31"]
[Round "2.12"]
[White "Powalla, Christian"]
[Black "Karnbach, Oliver"]
[Result "1-0"]
[WhiteElo "1455"]
[BlackElo "1213"]
[PlyCount "59"]
[EventDate "2009.??.??"]
[EventCountry "GER"]
[WhiteTeam "SV CAISSA e. V. Kassel"]
[BlackTeam "SV Bückeburg"]

1. e4 e5 2. d4 exd4 3. c3 dxc3 4. Nxc3 Bb4 5. Bc4 Qf6 6. Nge2 Ne7 7. O-O Nbc6
8. a3 Bc5 9. b4 Bb6 10. Be3 d6 11. Bxb6 axb6 12. Nb5 Kd8 13. f4 Bd7 14. Qd2 Na7
15. Nxa7 Rxa7 16. e5 dxe5 17. fxe5 Qxe5 18. Rad1 Qd6 19. Qxd6 cxd6 20. Rxd6 Kc7
21. Rd3 f6 22. Rc1 Nc6 23. b5 Ne5 24. Be6+ Kd8 25. Rd4 Ke7 26. Bxd7 Nxd7 27.
Rc7 Rd8 28. Nf4 Ke8 29. Ne6 Raa8 30. Nxd8 1-0